Shadowing and Hyperbolicity (Запис № 452892)

МАРК-запис
000 -LEADER
fixed length control field 03741nam a22005775i 4500
001 - CONTROL NUMBER
control field 978-3-319-65184-2
003 - CONTROL NUMBER IDENTIFIER
control field DE-He213
005 - DATE AND TIME OF LATEST TRANSACTION
control field 20210118151949.0
007 - PHYSICAL DESCRIPTION FIXED FIELD--GENERAL INFORMATION
fixed length control field cr nn 008mamaa
008 - FIXED-LENGTH DATA ELEMENTS--GENERAL INFORMATION
fixed length control field 170901s2017 gw | s |||| 0|eng d
020 ## - INTERNATIONAL STANDARD BOOK NUMBER
International Standard Book Number 9783319651842
-- 978-3-319-65184-2
024 7# - OTHER STANDARD IDENTIFIER
Standard number or code 10.1007/978-3-319-65184-2
Source of number or code doi
050 #4 - LIBRARY OF CONGRESS CALL NUMBER
Classification number QA313
072 #7 - SUBJECT CATEGORY CODE
Subject category code PBWR
Source bicssc
072 #7 - SUBJECT CATEGORY CODE
Subject category code MAT034000
Source bisacsh
072 #7 - SUBJECT CATEGORY CODE
Subject category code PBWR
Source thema
082 04 - DEWEY DECIMAL CLASSIFICATION NUMBER
Classification number 515.39
Edition number 23
082 04 - DEWEY DECIMAL CLASSIFICATION NUMBER
Classification number 515.48
Edition number 23
100 1# - MAIN ENTRY--PERSONAL NAME
Personal name Pilyugin, Sergei Yu.
Relator term author.
Relator code aut
-- http://id.loc.gov/vocabulary/relators/aut
245 10 - TITLE STATEMENT
Title Shadowing and Hyperbolicity
Medium [electronic resource] /
Statement of responsibility, etc by Sergei Yu Pilyugin, Kazuhiro Sakai.
250 ## - EDITION STATEMENT
Edition statement 1st ed. 2017.
264 #1 -
-- Cham :
-- Springer International Publishing :
-- Imprint: Springer,
-- 2017.
300 ## - PHYSICAL DESCRIPTION
Extent XIV, 218 p. 5 illus.
Other physical details online resource.
336 ## -
-- text
-- txt
-- rdacontent
337 ## -
-- computer
-- c
-- rdamedia
338 ## -
-- online resource
-- cr
-- rdacarrier
347 ## -
-- text file
-- PDF
-- rda
490 1# - SERIES STATEMENT
Series statement Lecture Notes in Mathematics,
Міжнародний стандартний серійний номер для назви серії (ISSN) 0075-8434 ;
Том/ позначення послідовності 2193
505 0# - FORMATTED CONTENTS NOTE
Formatted contents note Preface -- 1 Main Definitions and Basic Results -- Lipschitz and H¨older Shadowing and Structural Stability -- 3 C1 interiors of Sets of Systems with Various Shadowing Properties -- 4 Chain Transitive Sets and Shadowing -- References -- Index.
520 ## - SUMMARY, ETC.
Summary, etc Focusing on the theory of shadowing of approximate trajectories (pseudotrajectories) of dynamical systems, this book surveys recent progress in establishing relations between shadowing and such basic notions from the classical theory of structural stability as hyperbolicity and transversality. Special attention is given to the study of "quantitative" shadowing properties, such as Lipschitz shadowing (it is shown that this property is equivalent to structural stability both for diffeomorphisms and smooth flows), and to the passage to robust shadowing (which is also equivalent to structural stability in the case of diffeomorphisms, while the situation becomes more complicated in the case of flows). Relations between the shadowing property of diffeomorphisms on their chain transitive sets and the hyperbolicity of such sets are also described. The book will allow young researchers in the field of dynamical systems to gain a better understanding of new ideas in the global qualitative theory. It will also be of interest to specialists in dynamical systems and their applications.
506 ## - RESTRICTIONS ON ACCESS NOTE
Terms governing access Available to subscribing member institutions only. Доступно лише організаціям членам підписки.
506 ## - RESTRICTIONS ON ACCESS NOTE
Standardized terminology for access restriction Online access from local network of NaUOA.
506 ## - RESTRICTIONS ON ACCESS NOTE
Standardized terminology for access restriction Online access with authorization at https://link.springer.com/
506 ## - RESTRICTIONS ON ACCESS NOTE
Standardized terminology for access restriction Онлайн-доступ з локальної мережі НаУОА.
506 ## - RESTRICTIONS ON ACCESS NOTE
Standardized terminology for access restriction Онлайн доступ з авторизацією на https://link.springer.com/
650 #0 - SUBJECT ADDED ENTRY--TOPICAL TERM
Topical term or geographic name as entry element Dynamics.
650 #0 - SUBJECT ADDED ENTRY--TOPICAL TERM
Topical term or geographic name as entry element Ergodic theory.
650 14 - SUBJECT ADDED ENTRY--TOPICAL TERM
Topical term or geographic name as entry element Dynamical Systems and Ergodic Theory.
-- http://scigraph.springernature.com/things/product-market-codes/M1204X
700 1# - ADDED ENTRY--PERSONAL NAME
Personal name Sakai, Kazuhiro.
Relator term author.
Relator code aut
-- http://id.loc.gov/vocabulary/relators/aut
710 2# - ADDED ENTRY--CORPORATE NAME
Corporate name or jurisdiction name as entry element SpringerLink (Online service)
773 0# - HOST ITEM ENTRY
Title Springer eBooks
776 08 - ADDITIONAL PHYSICAL FORM ENTRY
Display text Printed edition:
International Standard Book Number 9783319651835
776 08 - ADDITIONAL PHYSICAL FORM ENTRY
Display text Printed edition:
International Standard Book Number 9783319651859
830 #0 - SERIES ADDED ENTRY--UNIFORM TITLE
Uniform title Lecture Notes in Mathematics,
-- 0075-8434 ;
Volume number/sequential designation 2193
856 40 - ELECTRONIC LOCATION AND ACCESS
Uniform Resource Identifier <a href="https://doi.org/10.1007/978-3-319-65184-2">https://doi.org/10.1007/978-3-319-65184-2</a>
912 ## -
-- ZDB-2-SMA
912 ## -
-- ZDB-2-LNM
942 ## - ADDED ENTRY ELEMENTS (KOHA)
Koha item type ЕКнига

Немає доступних примірників.